| 000 | 01191nam a2200325Ia 4500 | ||
|---|---|---|---|
| 001 | ebr10142095 | ||
| 003 | CaPaEBR | ||
| 006 | m u | ||
| 007 | cr cn||||||||| | ||
| 008 | 860321s1987 nyu sb 001 0 eng d | ||
| 010 | _z 86008335 | ||
| 020 | _z0195058240 | ||
| 020 | _z0195041100 | ||
| 040 |
_aCaPaEBR _cCaPaEBR |
||
| 035 | _a(OCoLC)228169349 | ||
| 050 | 1 | 4 |
_aK230.G74 _bC66 1987eb |
| 100 | 1 |
_aGreenawalt, Kent, _d1936- |
|
| 245 | 1 | 0 |
_aConflicts of law and morality _h[electronic resource] / _cKent Greenawalt. |
| 260 |
_aNew York : _bOxford University Press, _c1987. |
||
| 300 | _axii, 383 p. | ||
| 490 | 1 | _aClarendon law series | |
| 504 | _aIncludes bibliographical references and index. | ||
| 533 |
_aElectronic reproduction. _bPalo Alto, Calif. : _cebrary, _d2009. _nAvailable via World Wide Web. _nAccess may be limited to ebrary affiliated libraries. |
||
| 650 | 0 |
_aLaw _xPhilosophy. |
|
| 650 | 0 | _aLaw and ethics. | |
| 655 | 7 |
_aElectronic books. _2local |
|
| 710 | 2 | _aebrary, Inc. | |
| 830 | 0 | _aClarendon law series. | |
| 856 | 4 | 0 |
_uhttp://site.ebrary.com/lib/rucke/Doc?id=10142095 _zAn electronic book accessible through the World Wide Web; click to view |
| 999 |
_c196057 _d196057 |
||